000 00931nam a2200241 a 4500
001 000023125
005 20200930022014.0
008 101126s1965 pr 000 d spa d
040 _aDO-SdBNP
_bspa
_cBNPHU
082 _aPR862.44
_bT253p7
245 0 0 _aTeatro puertorriqueño :
_bséptimo festival.
260 _aSan Juan, Puerto Rico :
_bInstituto de Cultura Puertorriqueña,
_c1965.
300 _a669 p. :
_bil. ;
_c22 cm.
505 0 _tTodos los ruiseñores cantan /
_rLuis Rechani Agrait. --
_tEl apartamiento /
_rRené Marqués. --
_t...o casi el alma /
_rLuis Rafael Sánchez. --
_tCoctel de don Nadie --
_rFrancisco Arriví.
650 4 _aTeatro puertorriqueño
_94514
650 4 _aLiteratura puertorriqueña
_ySIGLO XX
_95311
700 1 _aRechani Agrait, Luis
_947611
700 1 _aMarqués, René
_940481
700 1 _aSánchez, Luis Rafael
_947612
700 1 _aArrivi, Francisco
_938507
910 _aWM
049 _aBNGR
999 _c22622
_d22622